Las ciudades intermedias y el desarrollo regional en México (notice nᵒ 1761)
[ vue normale ]
| 000 -Sello discográfico | |
|---|---|
| campo de control de longitud fija | 01267nam a2200337 4500 |
| 005 - Identificación de versión | |
| campo de control | 20251026102109.0 |
| 010 ## - Número Estándar Internacional de Libros (ISBN) | |
| Número (ISBN) | 968-29-8289-8 |
| 035 ## - Otros números de control del sistema | |
| Número de control del sistema | 22260 |
| 099 ## - fechas locales | |
| Tipo de ítem Koha | LIBRO |
| 100 ## - Datos de procesamiento general | |
| Datos de procesamiento general | 19970605d1996 m y1spay5003 ba |
| 101 ## - Idioma del recurso | |
| Idioma del texto, banda sonora, etc. | Español; Castellano |
| 105 ## - Campo de datos codificados: Material textual, monográfico | |
| Datos codificados de monografía | y 001zy |
| 200 1# - Título y mención de responsabilidad | |
| Título propio | Las ciudades intermedias y el desarrollo regional en México |
| Designación general del material | texto impreso |
| Primer mención de responsabilidad | Adrián Guillermo Aguilar, Boris Graizbord, Alvaro Sánchez-Crispín |
| 205 ## - Declaración de edición | |
| Declaración de edición | 1a ed |
| 210 ## - Publicación, distribución, etc. | |
| Lugar de publicación, distribución, etc. | México |
| Nombre del editor, distribuidor, etc. | Consejo Nacional para la Cultura y las Artes |
| -- | Universidad Nacional Autónoma de México, Instituto de Geografía |
| -- | El Colegio de México |
| Fecha de publicación, distribución, etc. | 1996 |
| 215 ## - Descripción física | |
| Designación de material específico y extensión del ítem | 403 p |
| Dimensiones | 21 cm |
| 345 ## - Nota de información de adquisición | |
| Fuente de adquisición/dirección de la suscripción [OBSOLETO] | Donación del CNCA |
| 410 #1 - Series | |
| Título | Regiones |
| 606 ## - Término temático usado como materia | |
| Elemento de entrada | Ciudades y pueblos |
| Subdivisión temática | Crecimiento |
| Subdivisión geográfica | México |
| Número Koha | 4365 |
| 606 ## - Término temático usado como materia | |
| Elemento de entrada | Urbanización |
| Subdivisión temática | Aspectos económicos |
| Subdivisión geográfica | México |
| Número Koha | 571 |
| 607 ## - Nombre geográfico utilizado como tema | |
| Elemento de entrada | México |
| Subdivisión temática | Política económica |
| Número Koha | 673 |
| 660 ## - Código de área geográfica | |
| Código | MX |
| 700 ## - Nombre personal - Responsabilidad primaria | |
| Elemento de entrada | Aguilar |
| Parte del nombre distinta del elemento de entrada | Adrián Guillermo |
| Número Koha | 4366 |
| 701 ## - Nombre personal - Responsabilidad alternativa | |
| Elemento de entrada | Graizbord Ed |
| Parte del nombre distinta del elemento de entrada | Boris |
| Fechas | 1941- |
| Número Koha | 4367 |
| 701 ## - Nombre personal - Responsabilidad alternativa | |
| Elemento de entrada | Sánchez-Crispín |
| Parte del nombre distinta del elemento de entrada | Alvaro |
| Número Koha | 4368 |
| 801 #0 - Fuente de origen | |
| País | FR |
| Agencia | cm |
| Reglas de catalogación (convenciones descriptivas) | AFNOR |
| 856 ## - Localización electrónica y acceso | |
| Identificador Uniforme de Recurso | https://repositorio.colmex.mx/concern/books/9c67wn64m?locale=es |
| 942 ## - ELEMENTOS DE ENTRADA SECUNDARIOS (KOHA) | |
| Tipo de ítem Koha | Livre |
| Estatus retirado | Estado de daño | Estado de pérdida | Fecha de adquisición | Biblioteca de origen | Biblioteca actual | Ubicación en estantería | Código de barras | Precio de reemplazo | Signatura topográfica completa | No para préstamo | Tipo de ítem Koha | Nota pública | Nota no pública |
|---|---|---|---|---|---|---|---|---|---|---|---|---|---|
| 05/08/2025 | Casa México Paris | Casa México Paris | 005235 | 05/08/2025 | 917.2 R336 V.36 | Livre | 20210722LIV | 751145101 |